000 00450nam a2200193Ia 4500
005 20240823035448.0
008 240823s9999||||xx |||||||||||||| ||und||
020 _a978-1-860-46722-6
041 _aENGLISH
082 _A869.342 P0
100 _aJose Saramago
245 4 _aThe History of the Siege of Lisbon
250 _a1st
260 _c2000
_bThe Harvill
500 _aYES
650 _aNovel
_bEnglish
942 _cBK
999 _c200748
_d200748